000 00852nji a22002297a 4500
005 20100908113059.0
006 a|||||r|||||00| 0
007 sd ammalaaahaa
008 100830t xxu||||| |||| 00| 0 eng d
028 _aDB.4306
_bColumbia
035 _aGR-01367
040 _aSED
_cSED
100 _917455
_aRichard, Cliff
245 _aApron strings /
_csung by Cliff Richard
_h[sound recording] :
260 _aDum Dum, India
_bColumbia
300 _a1 sound disc [Gramophone Recording]:
_banalog, 33 1/3 rpm
_c9.5 in. (MP)
_fGramophone Record
500 _aBrief Record
505 _aSide-2 (Living doll) (Serious charge) (Cliff Richard and The Drifters)
650 _aClassical music
_zIndia
_91186
_xExcerpts
942 _2ddc
_cGR
999 _c44400
_d44400